|
|
|
|
| LEADER |
00000cam a2200000 7i4500 |
| 001 |
0000001079 |
| 005 |
20240924.0 |
| 008 |
991125 my may |
| 020 |
|
|
|a 9836200274 (pbk)
|
| 040 |
|
|
|a INS
|b eng
|e rda
|
| 090 |
0 |
0 |
|a RPL5106
|b .D33 1988
|
| 245 |
0 |
0 |
|a Daftar ejaan Rumi-Jawi
|
| 264 |
|
1 |
|a Kuala Lumpur :
|b Dewan Bahasa dan Pustaka
|c 1988
|
| 264 |
|
4 |
|c ©1988
|
| 300 |
|
|
|a 198 pages ;
|c 22 cm.
|
| 336 |
|
|
|a text
|2 rdacontent
|
| 337 |
|
|
|a unmediated
|2 rdamedia
|
| 338 |
|
|
|a volume
|2 rdacarrier
|
| 650 |
|
0 |
|a Malay language
|x Alphabet
|
| 710 |
1 |
|
|a Dewan Bahasa dan Pustaka
|
| 999 |
|
|
|a 0000003416
|b BOOK
|c Red Spot
|e Default branch
|